000 00797nam a22002177a 4500
999 _c6106
_d6106
003 AR-CdUCM
008 190313b ||||| |||| 00| 0 spa d
040 _aMUNICIPALIDAD PROVINCIAL DEL CUSCO
_cBIBLIOTECA MUNICIPAL DEL CUSCO
082 _a801 /
_bUG26
_22ed.
100 _aUgarte, Pavel
_917735
245 _aRareza dura, Perro ciego /
_cPavel, Ugarte; Braddy, Romero
260 _aCusco :
_c2011.
300 _a33 páginas ;
_c21 cm.
_bIlustraciones,
500 _aTexto con encuadernación inversa.
505 _aContenido: Rareza dura -- Allí donde baja la marea merecemos un lugar todos -- Los seres vivos, aun en las flores del entierro...
650 _aPoesía
_9444
650 _aPoesía Siglo XXI
_95521
700 _aBraddy, Romero
_917736
942 _2ddc
_cLIBROS
945 _aJavier